ბათუმის შოთა რუსთაველის სახელმწიფო უნივერსიტეტის ბიბლიოთეკა

ეთნოისტორიული ეტიუდები.წ.1 (ბიბ.ჩანაწერი № 34775)

000 -LEADER
fixed length control field 00718nam a2200217Ia 4500
001 - CONTROL NUMBER
control field 585
003 - CONTROL NUMBER IDENTIFIER
control field GE_BSU
008 - FIXED-LENGTH DATA ELEMENTS--GENERAL INFORMATION
fixed length control field 181216s||||||||xx |||||||||||||| ||und||
040 ## - CATALOGING SOURCE
Transcribing agency GE_BSU
080 ## - UNIVERSAL DECIMAL CLASSIFICATION NUMBER
Universal Decimal Classification number 94(479.22)
100 ## - MAIN ENTRY--PERSONAL NAME
Personal name თოფჩიშვილი,როლანდ
245 ## - TITLE STATEMENT
Title ეთნოისტორიული ეტიუდები.წ.1
245 ## - TITLE STATEMENT
Statement of responsibility, etc. რედ.დ.მუსხელიშვილი;ნოდარ ასათიანი
260 ## - PUBLICATION, DISTRIBUTION, ETC.
Place of publication, distribution, etc. თბილისი
260 ## - PUBLICATION, DISTRIBUTION, ETC.
Name of publisher, distributor, etc. ენა და კულტურა
260 ## - PUBLICATION, DISTRIBUTION, ETC.
Date of publication, distribution, etc. 2005
300 ## - PHYSICAL DESCRIPTION
Extent 333გვ.
653 ## - INDEX TERM--UNCONTROLLED
Uncontrolled term ეთნოისტორიული ეტიუდები
942 ## - ADDED ENTRY ELEMENTS (KOHA)
Koha item type წიგნი
ეგზემპლარები
Withdrawn status Lost status Damaged status Not for loan Date acquired Barcode Date last seen Price effective from Koha item type
        2018-12-17 1206 2018-12-17 2018-12-17 წიგნი